1980s Singers by Picture - Statistics

General Stats
  • This quiz has been taken 59 times
  • The average score is 12 of 16
Answer Stats
Picture Answer % Correct
Michael Jackson
100%
Madonna
96%
Whitney Houston
96%
David Bowie
93%
Janet Jackson
93%
Prince Nelson
93%
Dolly Parton
91%
Paul McCartney
91%
Lionel Richie
80%
Phil Collins
75%
Billy Idol
69%
Diana Ross
64%
Bryan Adams
62%
Tom Petty
42%
Gloria Gaynor
22%
Chaka Khan
18%
No matching quizzes found
Score Distribution
Percent of People with Each Score
Percentile by Number Answered
Your Score History
You have not taken this quiz